00409 2200169 4500245004500000020002200045250001100067100002400078650001100102650001200113005001900125260004100144041001400185084001200199300001900211336000900230 aCalon JenazahcAhmad Rifa'i Rif'anhText a978-623-00-1139-9 aCet. 2 aAhmad Rifa'i Rif'an aIbadah aJenazah a20240926090259 aJakartabElex Media Komputindoc2020 aIndonesia a297.446 a208hlm :c17cm atext